VHSIC TECHNOLOGIES AND TRADE OFFS VERY HIGH SPEED INTEGRATED CIRCUITS (Record no. 581394)

000 -LEADER
fixed length control field 00438nam a22001337a 4500
020 ## - INTERNATIONAL STANDARD BOOK NUMBER
International Standard Book Number 0-471-09463-3
082 ## - DEWEY DECIMAL CLASSIFICATION NUMBER
Classification number 621.38173 BAR'V
100 ## - MAIN ENTRY--PERSONAL NAME
Personal name BARNA, ARPAD
9 (RLIN) 75990
245 ## - TITLE STATEMENT
Title VHSIC TECHNOLOGIES AND TRADE OFFS VERY HIGH SPEED INTEGRATED CIRCUITS
260 ## - PUBLICATION, DISTRIBUTION, ETC.
Place of publication, distribution, etc. NEWYORK
Name of publisher, distributor, etc. JOHN WILEY
Date of publication, distribution, etc. 1981
300 ## - PHYSICAL DESCRIPTION
Extent 114P
650 ## - SUBJECT ADDED ENTRY--TOPICAL TERM
Topical term or geographic name entry element DIGITAL INTEGRATED CIRCUITS BIPOLAR TRANSISTORS METAL OXIDE SEMICONDUCTORS GALLIUM ARSENIDE
9 (RLIN) 75991
942 ## - ADDED ENTRY ELEMENTS (KOHA)
Koha item type Book
Holdings
Withdrawn status Lost status Damaged status Not for loan Permanent Location Current Location Shelving location Date acquired Total Checkouts Full call number Barcode Date last seen Price effective from Koha item type
        College of Electrical & Mechanical Engineering (CEME) College of Electrical & Mechanical Engineering (CEME) General Stacks 02/22/2017   621.38173 BAR'V CEME-19146 06/28/2021 06/28/2021 Book
© 2023 Central Library, National University of Sciences and Technology. All Rights Reserved.